UEFA Cup Winners' Cup Top 4 Positions - Statistics

General Stats
  • This quiz has been taken 338 times
  • The average score is 57 of 95
Answer Stats
Answer % Correct
Bayern Munich
95%
Real Madrid
95%
Arsenal
94%
Juventus
94%
Liverpool
94%
Manchester United
94%
Paris Saint-Germain
94%
Barcelona
93%
Chelsea
92%
Lazio
92%
Borussia Dortmund
90%
Manchester City
90%
Milan
90%
Ajax
89%
Olympique Lyonnais
89%
Porto
89%
Benfica
87%
PSV Eindhoven
87%
Atletico Madrid
86%
Sporting CP
85%
Feyenoord
84%
Olympique Marseille
83%
Valencia
83%
Everton
82%
Rangers
82%
Tottenham
82%
Anderlecht
81%
Celtic
81%
Roma
81%
Dynamo Moscow
80%
Hamburg
80%
Lokomotiv Moscow
80%
Parma
80%
Spartak Moscow
80%
Fiorentina
76%
Leeds United
75%
Napoli
75%
Monaco
74%
Red Star Belgrade
72%
Stuttgart
72%
West Ham
72%
Sampdoria
69%
Werder Bremen
69%
Aberdeen
67%
Club Brugge
67%
Austria Wien
66%
Borussia Monchengladbach
66%
Schalke 04
65%
Bordeaux
62%
Real Zaragoza
61%
Torino
61%
Dukla Prague
60%
Eintracht Frankfurt
60%
Sparta Prague
60%
Dinamo Bucuresti
58%
Nantes
53%
Dinamo Zagreb
52%
Lokomotive Leipzig
51%
Standard Liege
51%
Dynamo Kyiv
50%
Magdeburg
50%
Koln
48%
Ferencvaros
47%
Rapid Wien
47%
Deportivo La Coruña
46%
Legia Warsaw
46%
Slavia Sofia
46%
Sredets Sofia
46%
Slovan Bratislava
45%
Royal Antwerp
42%
Dinamo Tbilisi
41%
Mallorca
41%
Mechelen
41%
Twente
41%
Wolverhampton
40%
Hajduk Split
36%
Fortuna Dusseldorf
34%
1860 Munich
32%
Atalanta
32%
Carl Zeiss Jena
31%
Motor Jena
31%
OFK Beograd
31%
Gornik Zabrze
26%
MTK Budapest
25%
Nurnberg
21%
Ujpest
21%
Vicenza
13%
Banik Ostrava
11%
Bayer Uerdingen
10%
Cardiff City
10%
Dunfermline
10%
Berliner Dynamo
6%
FSV Zwickau
6%
Waterschei Thor
6%
KSK Beveren
4%
No matching quizzes found
Score Distribution
Percent of People with Each Score
Percentile by Number Answered
Your Score History
You have not taken this quiz